000 00402pam a2200169 a 4500
020 _a0-7537-0898-1
_c
041 _h
082 _a641.56311
100 _aJACQUI LYNAS
_eAuthor
245 _aCOOKING FOR A HEALTHY HEART
_cJACQUI LYNAS
_hTextual Documents
250 _a1st
260 _alondon
_bBounhy Books
300 _a144
653 _afood production
700 _eCo-Author
930 _a924
999 _c228325
_d228325